zpět

Detail výsledku týmu

Študáč starej, Olomouc

Datum a čas kvízu

34 Celkem bodů Celkový počet nahraných bodů na tomto kvízu bez doplňovacích otázek.
1. Pořadí na kvízu Konečné umístění týmu na tomto kvízu.

Zaznamenané odpovědi

# Otázka Odpověď Body Výsledky
1. První číslo československé ver... 1
2. Odškodné ve výši v přepočtu 37... 1
3. Budapešťské kulturní akci, kte... 1
4. České vedení britského řetězce... 0
5. Česká tenistka po sérii neúspě... 1
6. Jak se jmenuje tento robot, hr... 1
7. Napište podtitul filmu ze séri... 0
8. Humanoidní robot, který má pod... 0
9. Mezi roboty můžeme svým způsob... 1
10. Nesmíme opomenout Karla Čapka... 1